000 00554cam a2200217 4500
001 J64014
008 000000n2001 000 0 eng u
035 _a(Sirsi) u111961
050 _a333.337
110 _aFPDSavills
_93625
245 _aGreater M25 office survey - Summer 2001
260 _aLondon
_bFPD Savills
_c2001
300 _a1 folded sheet. ; 30cm.
520 _aReview and outlook
650 _aOFFICES
650 _aPROPERTY MARKET
650 _aTAKE UP
650 _aOFFICE SPACE
690 _aCOMMERICAL PROPERTY
942 _n0
999 _c101325
_d101325